Tracklist SOLSAD - Statistiques

Statistiques générales
  • Ce quiz a été pris 26 fois
  • Le résultat moyen est 14 sur 20
Statistiques - réponses
Numéro tracklist Titre % Correct
13 ft Sofiane Pamart Mélancolie criminelle
90%
20 Monstres
90%
6 ft Josman Alouette
85%
3 ft Pomme Le grand cirque
85%
4 Million
85%
2 A ma guise
80%
16 Fleurs
80%
18 ft Tif Noum
80%
12 ft Niska Loin d'ici
75%
5 Printemps
75%
9 ft kekra Youm wara youm
75%
15 Audi GT
70%
7 ft So la lune Boboalam
70%
17 ft Zaho Si on s'aimait
70%
19 Etoiles dans les yeux
65%
10 Infini
65%
14 Lalalala
65%
11 Stylo magique
60%
8 Un peu de moi
50%
1 Mouchikila
25%
Aucun quiz correspondant
Distribution des résultats
% des personnes avec chaque résultat
Percentile par nombre de réponses
Votre historique - résultats
Vous n’avez pas pris ce quiz